| 000 | 00475nam a22001577a 4500 | ||
|---|---|---|---|
| 005 | 20260216041857.0 | ||
| 008 | 260216b |||||||| |||| 00| 0 eng d | ||
| 020 | _a9710869884 | ||
| 040 | _cjhcsc | ||
| 082 | _a005.1 | ||
| 100 |
_910152 _aCopernicus P. Pepito _eAuthor |
||
| 245 |
_aIntroduction to Java 6 Programming _cCopernicus P. Pepito |
||
| 260 |
_aMandaluyong City,Philippines _bNational Book Store _cc2009 |
||
| 300 |
_axxxiv,472 p _billustrations |
||
| 942 |
_2ddc _cBOOK |
||
| 999 |
_c11341 _d11341 |
||